Catálogo

PISA 2009 RESULTS : (Registro nro. 60209)

Detalles MARC
000 -LEADER
fixed length control field 00579nam a2200169 a 4500
001 - CONTROL NUMBER
control field 60209
005 - DATE AND TIME OF LATEST TRANSACTION
control field 20180714061402.0
008 - FIXED-LENGTH DATA ELEMENTS--GENERAL INFORMATION
fixed length control field 140415s2010 000 0 eng d
020 ## - INTERNATIONAL STANDARD BOOK NUMBER
International Standard Book Number 9789264091467
041 ## - LANGUAGE CODE
Language code of text/sound track or separate title eng
082 ## - DEWEY DECIMAL CLASSIFICATION NUMBER
Classification number 371.264
Item number PIS
245 00 - TITLE STATEMENT
Title PISA 2009 RESULTS :
Remainder of title OVERCOMING SOCIAL BACKGROUND: EQUITY INLEARNING OPPORTUNITIES AND OUTCOMES
250 ## - EDITION STATEMENT
Edition statement 1a ed.
260 ## - PUBLICATION, DISTRIBUTION, ETC.
Place of publication, distribution, etc. PARIS :
Name of publisher, distributor, etc. OECD,
Date of publication, distribution, etc. 2010,
300 ## - PHYSICAL DESCRIPTION
Extent 32
650 14 - SUBJECT ADDED ENTRY--TOPICAL TERM
Topical term or geographic name entry element MEDICIONES Y PRUEBAS EDUCATIVAS
General subdivision EVALUACIN EDUCATIVA
-- ESTUDIOS INTERCULTURALES
-- ADMINISTRACIN ESCOLAR
-- ESCOLAR
Existencias
Withdrawn status Lost status Source of classification or shelving scheme Damaged status Not for loan Collection code Home library Current library Shelving location Date acquired Source of acquisition Inventory number Total Checkouts Full call number Barcode Date last seen Price effective from Koha item type
    Dewey Decimal Classification     General Biblioteca Karol Wojtyla Biblioteca Karol Wojtyla Sala general 03/12/2013 Compra 151000000000000000041827   371.264 PIS 2010 90756 05/01/2026 05/09/2014 Libro